[Event "NATO-ch 33rd"]
[Site "Portoroz"]
[Date "2023.09.08"]
[Round "7"]
[White "Kries, Yvon"]
[Black "Unruh, Charles M"]
[Result "0-1"]
[WhiteElo "1561"]
[BlackElo "1830"]
[PlyCount "62"]
[EventDate "2023.09.04"]
[EventType "swiss"]
[EventRounds "7"]
[EventCountry "SLO"]
[SourceTitle "EXT 2024"]
[Source "ChessBase"]
[SourceDate "2023.10.10"]
[SourceVersion "1"]
[SourceVersionDate "2023.10.10"]
[SourceQuality "1"]

1. d4 Nf6 2. Nc3 g6 3. Bf4 d6 4. e4 c6 5. Qd2 Nbd7 6. Nf3 Qa5 7. Bd3 e5 8. b4 Qc7 9. Bg5 h6 10. Bh4 Bg7 11. dxe5 Nxe5 12. Nxe5 dxe5 13. h3 Be6 14. 0-0 g5 15. Bg3 Nh5 16. Rab1 a6 17. a4 Nf4 18. b5 axb5 19. axb5 Qc8 20. f3 h5 21. bxc6 bxc6 22. Ne2 Bf6 23. Kf2 Be7 24. Qc3 f6 25. h4 Ra3 26. Qd2 Bc5+ 27. Ke1 Nxg2+ 28. Kd1 Ne3+ 29. Ke1 Nxf1 30. Kxf1 Ba2 31. Rb2 Qh3+ 0-1

[Event "NATO-ch 33rd"]
[Site "Portoroz"]
[Date "2023.09.07"]
[Round "6"]
[White "Langer, Herb"]
[Black "Kries, Yvon"]
[Result "0-1"]
[WhiteElo "1751"]
[BlackElo "1561"]
[PlyCount "38"]
[EventDate "2023.09.04"]
[EventType "swiss"]
[EventRounds "7"]
[EventCountry "SLO"]
[SourceTitle "EXT 2024"]
[Source "ChessBase"]
[SourceDate "2023.10.10"]
[SourceVersion "1"]
[SourceVersionDate "2023.10.10"]
[SourceQuality "1"]

1. d4 d5 2. e3 e6 3. Bd3 c5 4. c3 Nf6 5. Nd2 Nc6 6. f4 cxd4 7. exd4 Bd6 8. g3 Rb8 9. Ngf3 b5 10. Ne5 Bd7 11. 0-0 b4 12. Qf3 bxc3 13. bxc3 Qa5 14. Nxc6 Bxc6 15. c4 Qc3 16. Rb1 Rxb1 17. Bxb1 Qxd4+ 18. Qf2 Qxf2+ 19. Kxf2 Ng4+ 0-1

[Event "NATO-ch 33rd"]
[Site "Portoroz"]
[Date "2023.09.04"]
[Round "1"]
[White "Pirs, Matjaz1111"]
[Black "Kries, Yvon"]
[Result "1-0"]
[WhiteElo "1978"]
[BlackElo "1561"]
[PlyCount "67"]
[EventDate "2023.09.04"]
[EventType "swiss"]
[EventRounds "7"]
[EventCountry "SLO"]
[SourceTitle "EXT 2024"]
[Source "ChessBase"]
[SourceDate "2023.10.10"]
[SourceVersion "1"]
[SourceVersionDate "2023.10.10"]
[SourceQuality "1"]

1. e4 d5 2. Nc3 dxe4 3. Nxe4 Qd5 4. Nc3 Qd6 5. d4 Nf6 6. Nge2 c6 7. g3 Bg4 8. Bg2 e6 9. 0-0 Qc7 10. f3 Bf5 11. Ne4 Nbd7 12. Kh1 Nxe4 13. fxe4 Bg4 14. Qd3 Bd6 15. c4 0-0 16. e5 Be7 17. Be4 f5 18. Bg2 Bxe2 19. Qxe2 Rae8 20. c5 Rf7 21. b4 a6 22. a4 b5 23. axb5 axb5 24. Be3 Rff8 25. Qa2 Kh8 26. Qxe6 Nxe5 27. Qxe5 Qd7 28. Qf4 g5 29. Qf3 f4 30. gxf4 Bf6 31. Rad1 gxf4 32. Bf2 Rg8 33. Qxc6 Qg7 34. Qf3 1-0

[Event "NATO-ch 30th"]
[Site "Berlin"]
[Date "2019.09.19"]
[Round "5.38"]
[White "Farrell, John F"]
[Black "Kries, Yvon"]
[Result "1/2-1/2"]
[WhiteElo "1985"]
[BlackElo "1741"]
[PlyCount "56"]
[EventDate "2019.09.14"]
[EventType "team-swiss"]
[EventRounds "7"]
[EventCountry "GER"]
[SourceTitle "EXT 2020"]
[Source "ChessBase"]
[SourceDate "2019.10.17"]
[SourceVersion "1"]
[SourceVersionDate "2019.10.17"]
[SourceQuality "1"]
[WhiteTeam "NATO IV"]
[BlackTeam "Luxembourg"]
[BlackTeamCountry "LUX"]

1. c4 f5 2. e4 fxe4 3. d3 Nf6 4. Nc3 e5 5. dxe4 Bc5 6. f3 0-0 7. Qd3 Nc6 8. a3 a5 9. Be3 Nd4 10. Na4 Nc2+ 11. Qxc2 Bxe3 12. Qd3 Bg5 13. h4 Bf4 14. Ne2 Nh5 15. Qd5+ Kh8 16. Nxf4 Nxf4 17. Qxe5 d6 18. Qd4 Qe8 19. Nc3 Ne6 20. Qe3 Nc5 21. 0-0-0 Be6 22. Kb1 Qf7 23. Qe2 Rab8 24. h5 h6 25. Rd2 Nb3 26. Rd1 Nc5 27. Rd2 Nb3 28. Rd1 Nc5 1/2-1/2

[Event "Luxembourg-chT 1213"]
[Site "Luxembourg"]
[Date "2013.04.10"]
[Round "7"]
[White "Kries, Yvon"]
[Black "Ackermann, Robert"]
[Result "0-1"]
[WhiteElo "1782"]
[BlackElo "2041"]
[PlyCount "72"]
[EventDate "2012.10.??"]
[EventType "team-tourn"]
[EventRounds "10"]
[EventCountry "LUX"]
[SourceTitle "EXT 2017"]
[Source "ChessBase"]
[SourceDate "2016.10.25"]
[SourceVersion "1"]
[SourceVersionDate "2016.10.25"]
[SourceQuality "1"]

1. d4 Nf6 2. c4 e6 3. Nf3 d5 4. g3 Be7 5. Bg2 0-0 6. 0-0 a6 7. Qc2 Nbd7 8. Nbd2 c6 9. Rd1 Bd6 10. e4 dxe4 11. Nxe4 Nxe4 12. Qxe4 Re8 13. Bf4 Nf6 14. Qe3 Ng4 15. Qc1 Qe7 16. Bxd6 Qxd6 17. Qg5 Nf6 18. Ne5 Bd7 19. c5 Qc7 20. Rac1 Red8 21. h4 h6 22. Qf4 Be8 23. g4 Nh7 24. g5 hxg5 25. hxg5 f6 26. gxf6 gxf6 27. Qg4+ Kh8 28. Nc4 Bf7 29. Qh4 Rg8 30. Kh1 Rg5 31. Bf3 Kg7 32. Rg1 Rh8 33. Bh5 Bxh5 34. Rxg5+ Nxg5 35. Nd6 Bf3+ 36. Kg1 Rxh4 0-1